000 00736nas a2200265 4500
001 BR7808109
003 BR-BrBNA
005 20231205083600.0
007 ta
008 230509b bl.|||p| |||| 00| 00por d
040 _aBR-BrBNA
_bpor
_cBiblioteca Nacional de Agricultura
041 _a(Pt)
072 _aL02
100 1 _aAndrade, R.R.N. de
245 1 _aAlimentacao de bovinos no periodo seco
650 _aBOVINO
650 _aNUTRICAO ANIMAL
650 _aGANHO DE PESO
650 _aSUPLEMENTO CONCENTRADO
650 _aPASTAGEM
650 _aCONFINAMENTO
773 0 _tCaatinga (Brazil)
_xISSN 0100-316X
_g(Dec 1978), v. 3(1-2) p. 35-43
_wBR7808109
909 _a202311
_bLúcia
_c55
_dLúcia Elande
942 _2AGRIS
_n0
_cANA
999 _c99838
_d99838